000
00273nam a22001217a 4500
008
171002b xxu||||| |||| 00| 0 eng d
041
_a
eng
080
_a
37
100
_a
47
101
_a
EDU
245
_a
WRITING AND SPEAKING FOR EXCELLENCE
_c
JAMES,D.S
942
_2
udc
_c
BK
999
_c
31114
_d
31114